000 00807nam a2200229Ii 4500
003 JO-AjNU
008 230605s9999||||xx |||||||||||||| ||und||
017 _a2007/12/3601
020 _a978-9957-401-77-1
040 _aJO-AjNU
_bara
_erda
_cJO-AjNU
041 _aara
050 1 4 _aKMM182.9.M4722.2008
100 3 _aمحيسن ، إبراهيم حرب ,
_eauthor
_921254
245 0 0 _aالنظرية العامة للدفوع المدنية " دراسة مقارنة "
250 _aط1
264 3 1 _aعمان : دار الفلاح ،2007
300 _a270ص
_bيشتمل على مراجع ص(264-270)
336 _atext
_btxt
_2rdacontent
337 _aunmediated
_bn
_2rdamedia
338 _avolume
_bnc
_2rdacarrier
650 4 _aالمحاكم المدنية -- القانون المدني
_921255
999 _aA7351
_c10919
_d10919